Vista normal
Vista MARC
Entrada Personal Name
Número de registros utilizados en: 1
001 - CONTROL NUMBER
- control field: 17725
003 - CONTROL NUMBER IDENTIFIER
- control field: DLC
005 - DATE AND TIME OF LATEST TRANSACTION
- control field: 20251124101029.0
008 - FIXED-LENGTH DATA ELEMENTS
- fixed length control field: 020624n| acannaabn |a aaa c
010 ## - LIBRARY OF CONGRESS CONTROL NUMBER
- LC control number: no2002054757
- Canceled/invalid LC control number: no2007044874
035 ## - SYSTEM CONTROL NUMBER
- System control number: (OCoLC)oca05794533
040 ## - CATALOGING SOURCE
- Original cataloging agency: MU
- Language of cataloging: spa
- Transcribing agency: Mx-PuUPA
- Modifying agency: DLC
- Modifying agency: Mx-PuUPA
- Description conventions: rda
100 1# - HEADING--PERSONAL NAME
- Personal name: Venturo Schultz, Sandro,
374 ## - OCCUPATION
- Occupation: Autor
375 ## - GENDER
- Gender: hombre
377 ## - ASSOCIATED LANGUAGE
- Language code: spa
400 1# - SEE FROM TRACING--PERSONAL NAME
- Personal name: Schultz, Sandro Venturo
400 1# - SEE FROM TRACING--PERSONAL NAME
- Personal name: Venturo, Sandro
670 ## - SOURCE DATA FOUND
- Source citation: Contrajuventud, 2001:
- Information found: t.p. (Sandro Venturo Schultz) front cover flap (studied sociology; publishes on culture and political participation; designs educational programs, produces music festivals in Lima; manages visual arts projects)
670 ## - SOURCE DATA FOUND
- Source citation: El poder de la gente, 2004?:
- Information found: container (Sandro Venturo)